Factor de impacto en las revistas de enfermeria (Registro nro. 273950)

Detalles MARC
001 - NÚMERO DE CONTROL
campo de control 805986
005 - FECHA Y HORA DE LA ÚLTIMA TRANSACCIÓN
campo de control 20240201184854.0
008 - DATOS DE LONGITUD FIJA--INFORMACIÓN GENERAL
campo de control de longitud fija 030421e20021201 spa
035 ## - NÚMERO DE CONTROL DEL SISTEMA
Número de control de sistema 805986
035 ## - NÚMERO DE CONTROL DEL SISTEMA
Número de control de sistema (OCoLC)820022746
040 ## - FUENTE DE LA CATALOGACIÓN
Centro/agencia transcriptor comduadb
041 ## - CÓDIGO DE LENGUA
Código de lengua del texto/banda sonora o título independiente spa
100 10 - ENTRADA PRINCIPAL--NOMBRE DE PERSONA
Nombre de persona Orts Cortés, Maria Isabel
Código de función aut
Término indicativo de función/relación Autor/a
9 (RLIN) 547928
245 10 - MENCIÓN DE TÍTULO
Título Factor de impacto en las revistas de enfermeria
650 #7 - PUNTO DE ACCESO ADICIONAL DE MATERIA--TÉRMINO DE MATERIA
Término de materia o nombre geográfico como elemento de entrada Bibliometría
Fuente del encabezamiento o término lemb
9 (RLIN) 18998
650 #7 - PUNTO DE ACCESO ADICIONAL DE MATERIA--TÉRMINO DE MATERIA
Término de materia o nombre geográfico como elemento de entrada Investigación en enfermería
Fuente del encabezamiento o término dcs
9 (RLIN) 20665
650 ## - PUNTO DE ACCESO ADICIONAL DE MATERIA--TÉRMINO DE MATERIA
Término de materia o nombre geográfico como elemento de entrada Publicaciones biomedicas
9 (RLIN) 33503
700 10 - ENTRADA AGREGADA--NOMBRE PERSONAL
Nombre de persona Richart Martinez, Miguel
Código de función aut
Término indicativo de función/relación Autor/a
9 (RLIN) 507627
700 10 - ENTRADA AGREGADA--NOMBRE PERSONAL
Nombre de persona Cabrero Garcia, Julio
Código de función aut
Término indicativo de función/relación Autor/a
9 (RLIN) 303598
773 0# - ENLACE AL DOCUMENTO FUENTE/ENTRADA DE REGISTRO ANFITRIÓN
Título Enfermería Clínica (España)
Parte(s) relacionada(s) Vol. 12, No. 06, Nov.-Dic. 2002, p. 266-272
Número de control del registro 725040
Número Internacional Normalizado para Publicaciones Seriadas 1130-8621
Número bibliográfico anfitrión 232996
942 ## - ELEMENTOS DE ENTRADA AGREGADA (KOHA)
Tipo de ítem Koha Artículo de Revista

No hay ítems disponibles.